000 00354nam a2200145Ia 4500
008 230711s9999||||xx |||||||||||||| ||und||
041 _aENG
082 _a621
_bNA-E
100 _aNg,K. C.
245 0 _aElectrical network theory
250 _a1st Ed.
260 _c1983
_aNew Delhi
_bWiley Eastern Limited
650 _aElectrical Engineering
942 _cBK
999 _c103
_d103